Jie jue "san nong" wen ti zhi lu : Zhongguo gong chan dang "san nong" si xiang zheng ce shi /
Saved in:
| Other Authors: | , |
|---|---|
| Format: | Book |
| Language: | Chinese |
| Published: |
Beijing Shi :
Zhongguo jing ji chu ban she,
2004.
|
| Edition: | Di 1 ban. |
| Subjects: | |
| Tags: |
Add Tag
No Tags, Be the first to tag this record!
|
| LEADER | 01340nam a2200349Ia 4500 | ||
|---|---|---|---|
| 001 | 009727582-4 | ||
| 005 | 20050803103609.0 | ||
| 008 | 040813s2004 cc b 000 0 chi d | ||
| 020 | |a 7501761698 | ||
| 035 | 0 | |a ocm56188890 | |
| 040 | |a HNK |c HNK | ||
| 050 | 0 | 0 | |a HD2097 |b .J54 2004 |
| 090 | |a HD2098 |b .J54 2004 | ||
| 245 | 0 | 0 | |6 880-01 |a Jie jue "san nong" wen ti zhi lu : |b Zhongguo gong chan dang "san nong" si xiang zheng ce shi / |c Wu Li, Zheng Yougui zhu bian. |
| 246 | 3 | 0 | |6 880-02 |a Zhongguo gong chan dang "san nong" si xiang zheng ce shi |
| 250 | |6 880-03 |a Di 1 ban. | ||
| 260 | |6 880-04 |a Beijing Shi : |b Zhongguo jing ji chu ban she, |c 2004. | ||
| 300 | |a 11, 728 p. ; |c 23 cm. | ||
| 504 | |a Includes bibliographical references. | ||
| 650 | 0 | |a Agriculture and state |z China. | |
| 650 | 0 | |a Agriculture |x Economic aspects |z China. | |
| 650 | 0 | |a Rural development |x Government policy |z China. | |
| 700 | 1 | |6 880-05 |a Wu, Li. | |
| 700 | 1 | |6 880-06 |a Zheng, Yougui. | |
| 880 | 0 | 0 | |6 245-01 |a 解决"三农"问题之路 : |b 中国共产党"三农"思想政策史 / |c 武力, 郑有贵主编. |
| 880 | 3 | 0 | |6 246-02 |a 中国共产党"三农"思想政策史 |
| 880 | |6 250-03 |a 第1版. | ||
| 880 | |6 260-04 |a 北京市 : |b 中国经济出版社, |c 2004. | ||
| 880 | 1 | |6 700-05 |a 武力. | |
| 880 | 1 | |6 700-06 |a 郑有贵. | |
| 988 | |a 20050803 | ||
| 906 | |0 OCLC | ||


